| 000 | 01114nam a2200253Ia 4500 | ||
|---|---|---|---|
| 003 | OSt | ||
| 005 | 20221002044327.0 | ||
| 006 | a|||||r|||| 00| 0 | ||
| 007 | ta | ||
| 008 | 220930b |||||||| |||| 00| 0 hin d | ||
| 020 |
_a8179750116 (hbk) _c4800 |
||
| 024 | _a99655 | ||
| 037 |
_b398, 22/03/2010, Swaraj Prakashan _cReference Collections |
||
| 040 |
_aCRL _cCRL _bhin |
||
| 041 |
_2hin _ahin |
||
| 082 | _aO152,1N133x, L8;P2.1-.8(RR) | ||
| 100 | _aमिश्र, भवानीप्रसाद | ||
| 245 | 0 | _aभवानीप्रसाद मिश्र रचनावली | |
| 260 |
_aनई _bदिल्ली अनामिका पब्लिशर्स प्रा.लिमिडिट प्रा. _c2002 |
||
| 490 | _vभाग 1 | ||
| 700 | _a विजय बहादुर सिंह, संपा. | ||
| 942 |
_hO152,1N133x, L8;P2.1-.8(RR) _cref _2CC |
||
| 999 |
_c910131 _d910131 |
||